Economic Statistics. Himachal Pradesh (Record no. 497037)

000 -LEADER
fixed length control field 00390cam a22001097a 4500
008 - FIXED-LENGTH DATA ELEMENTS--GENERAL INFORMATION
fixed length control field 180718b xxu||||| |||| 00| 0 eng d
082 ## - DEWEY DECIMAL CLASSIFICATION NUMBER
Classification number T19 Ec74/HIMA/2006-07
245 ## - TITLE STATEMENT
Title Economic Statistics. Himachal Pradesh
Statement of responsibility, etc. by Department of Economics and Statistics
260 ## - PUBLICATION, DISTRIBUTION, ETC.
Place of publication, distribution, etc. Simla
Name of publisher, distributor, etc. Government of Himachal Pradesh
Date of publication, distribution, etc.
300 ## - PHYSICAL DESCRIPTION
Extent v.p.
700 ## - ADDED ENTRY--PERSONAL NAME
Personal name Himachal Pradesh. Department of Economics and Statistics
Holdings
Withdrawn status Lost status Damaged status Not for loan Permanent Location Current Location Date acquired Full call number Barcode Date last seen Price effective from Koha item type
        Indian Institute of Public Administration Indian Institute of Public Administration 2018-08-04 T19 Ec74/HIMA/2006-07 GG28968 2018-08-04 2018-08-04 GG

Powered by Koha